00705nam a2200181 i 450000100060000000300090000600500170001500700030003200800410003510000440007624500780012026000490019830000380024750000670028585200320035299900170038495201220040135324ES-MaACL20230911063133.0t|030212s1962 sp ||||1| spa d1 aBosch Millares, Juan,d1893-198393066213aLa medicina canaria en la época prehispánica / cJuan Bosch Millares. a[S.l. : bs.n., c1962] (eMadrid : fDiana) a2 t. en 1 v., 8 lám. ; c24 cm. aEs separata de: Anuario de estudios atlánticos.- 1962-nº 8. aES-MaACLjC-23454 bR.51012 c35324d35324 00104070aATENEOMbATENEOMcDEPO2d2008-01-17eSCl0oC-23454p1036953r2023-02-23 00:00:00w2023-02-23yMONOGRAFIA